Strategies for sustainable wood supplies in the changing Indian scenario (Record no. 47762)

MARC details
000 -LEADER
fixed length control field 00424nam a2200145Ia 4500
100 ## - MAIN ENTRY--AUTHOR NAME
Personal name Satish Kumar
245 #0 - TITLE STATEMENT
Title Strategies for sustainable wood supplies in the changing Indian scenario
260 ## - PUBLICATION, DISTRIBUTION, ETC. (IMPRINT)
Name of publisher Journal of the Timber Development Association of India
Year of publication 1997
300 ## - PHYSICAL DESCRIPTION
Number of Pages May-13
500 ## - GENERAL NOTE
General note CAB CD
650 ## - SUBJECT ADDED ENTRY--TOPICAL TERM
Topical Term India
650 ## - SUBJECT ADDED ENTRY--TOPICAL TERM
Topical Term Wood preservation
942 ## - ADDED ENTRY ELEMENTS (KOHA)
Koha item type Bibliography RLWO
Holdings
Withdrawn status Lost status Damaged status Not for loan Home library Current library Date acquired Serial Enumeration / chronology Koha item type
      Bibliography RRII Library RRII Library 31/12/2021 Volume 43, Issue 3 Bibliography RLWO